Formula 1 drivers 2025 season - Statistics

General Stats
  • This quiz has been taken 110 times
  • The average score is 17 of 20
Answer Stats
Hint Answer % Correct
Mclaren Lando Norris
100%
Ferrari Lewis Hamilton
98%
Red Bull Max Verstappen
97%
Ferrari Charles Leclerc
95%
Mclaren Oscar Piastri
95%
Williams Carlos Sainz
91%
Aston Martin Fernando Alonso
91%
Mercedes George Russell
91%
Aston Martin Lance Stroll
89%
Red Bull Liam Lawson
89%
Mercedes Andrea Kimi Antonelli
87%
RB Yuki Tsunoda
85%
Haas Esteban Ocon
83%
Kick Sauber Nico Hulkenberg
80%
Alpine Pierre Gasly
79%
Williams Alexander Albon
78%
Haas Oliver Bearman
77%
Alpine Jack Doohan
74%
RB Isack Hadjar
73%
Kick Sauber Gabriel Bortoleto
63%
No matching quizzes found
Score Distribution
Percent of People with Each Score
Percentile by Number Answered
Your Score History
You have not taken this quiz